| 000 | 00570nam a2200217Ia 4500 | ||
|---|---|---|---|
| 003 | OSt | ||
| 005 | 20220928140700.0 | ||
| 006 | a|||||r|||| 00| 0 | ||
| 007 | ta | ||
| 008 | 220927b |||||||| |||| 00| 0 eng d | ||
| 024 | _a10990 | ||
| 037 | _cTextual | ||
| 040 |
_aSDCL _cSDCL _beng |
||
| 041 |
_2eng _aeng |
||
| 082 | _aX:78.2'N9x, N7 | ||
| 100 |
_aSponeck H C Graf _9496982 |
||
| 245 | 0 |
_aHuman develolpment _b Is there an alternative |
|
| 260 | _c1997 | ||
| 942 |
_hX:78.2'N9x, N7 _cTEXL _2CC |
||
| 999 |
_c813439 _d813439 |
||